QCM Louis XIV. - Statistiques

Statistiques générales
  • Ce quiz a été pris 1 191 fois
    1 190 depuis la dernière actualisation
  • Le résultat moyen est 12 sur 15
Statistiques - réponses
Question Réponse % Correct
Quel célèbre château fut construit par Louis XIV? Le château de Versailles
99%
A quel âge décède Louis XIV? 77 ans
89%
Qui sont les parents de Louis XIV? Louis XIII et Anne d'Autriche
89%
Quel homme construisit de nombreuses fortifications aux frontières de la France durant le règne de Louis XIV? Vauban
87%
A quel âge commence-t-il son règne? 5 ans
85%
Quel ministre fut arrêté par Louis XIV pour d'importants détournements de fonds? Fouquet
85%
Avec qui se marie-t-il? Marie-Thérèse d'Autriche
82%
Quel événement ayant eu lieu dans son enfance lui appris à se méfier de la cour? La fronde
81%
Combien d'année a duré le règne de Louis XIV? 72 ans
78%
Quel personnage aida la mère de Louis XIV durant la régence de cette dernière. Mazarin
77%
Quel homme, qui n'était pas noble, fut son principal ministre. Colbert
74%
En quelle année est né Louis XIV? 1638
71%
Que affaire secoua le règne de Louis XIV de 1672 à 1682? L'affaire des poisons
70%
Avec qui se remarie-t-il après la mort de la reine? Madame de Maintenon
70%
Qui lui succédera au trône? Son arrière petit-fils
58%
Aucun quiz correspondant
Distribution des résultats
% des personnes avec chaque résultat
Percentile par nombre de réponses
Votre historique - résultats
Vous n’avez pas pris ce quiz depuis la dernière actualisation